000 01347namaa22003131i 4500
005 20260228123436.0
008 260207s1995 ua a|||fr|m|| 000 0 eng d
040 _aEG-GICUC
_beng
_cEG-GICUC
_dEG-GICUC
_erda
041 0 _aeng
_beng
_bara
049 _aDeposit
097 _aM.Sc
099 _aCai01.13.05.M.Sc.1995.Ba.P
100 0 _aBassem Saber Basta,
_epreparation.
245 1 0 _aPrediction of consolidation settlement of a multi-layer system of clayey soils /
_cBy Bassem Saber Basta ; Supervised Dr. Abdelsalam M.Salem, Dr. Mostafa H. El Ehwany.
246 1 5 _aالتنبؤ بهبوط الحدعيم لقطاع متعدد الطبقات من الحرية الطنينية
264 0 _c1995
300 _a120 pages:
_billustrations ;
_c25 cm. +
336 _2rda content
_atext
337 _2rdamedia
_aUnmediated
338 _2rdacarrier
_avolume
502 _aThesis (M.Sc.) -Cairo University, 1995
504 _aBibliography: pages 119-120.
653 0 _aconsolidation settlement of
_aa multi-layer system of clayey soils
700 0 _a Abdelsalam M.Salem
_ethesis advisor.
700 0 _a Mostafa H. El Ehwany
_ethesis advisor.
900 _DDepartment of Civil Engineering
_FFaculty of Engineering
_UCairo University
_b1995
_cAbdelsalam M.Salem
_cMostafa H. El Ehwany
905 _aNagat
_eNourhan
942 _2ddc
_cTH
_e21
_n0
999 _c178222